Teoría y métodos de la investigación social

Guardat en:
Dades bibliogràfiques
Autor principal: Galtung, Johan (Autor)
Format: Llibre
Idioma:espanyol
Publicat: Buenos Aires EUDEBA 1978
Edició:5a. ed
Col·lecció:Manuales
Matèries:
Etiquetes: Afegir etiqueta
Sense etiquetes, Sigues el primer a etiquetar aquest registre!

MARC

LEADER 00000nam a2200000 a 4500
001 UCR1095
003 CL-VaPUC
008 971212e19780000AG |||||||||||||||||spa|d
082 0 4 |a 300.72  |b GAL  |2 21 
100 |a Galtung, Johan  |e author  |9 519158 
245 1 0 |a Teoría y métodos de la investigación social 
250 |a 5a. ed 
300 |a v 
942 |c BK 
945 |d 19971212 00:00:00  |a rleighto 
260 |a Buenos Aires  |b EUDEBA  |c 1978 
650 0 |a Investigación social   |9 307814 
650 0 |a Muestreo  |9 270457 
650 7 |a RECOPILACION DE DATOS  |2 CL-VaPUC  |9 361814 
583 |a last modification  |c 19971212 00:00:00  |k Rodrigo Vera 
490 0 |a Manuales 
999 |c 264587  |d 264585 
952 |0 0  |1 0  |4 0  |6 300_720000000000000_GAL_1978  |7 0  |8 A  |9 294892  |a BIBGIM  |b BIBGIM  |d 2019-11-19  |h v.1  |i 3374637  |o 300.72 GAL 1978  |p 3374637  |r 2025-01-15  |w 2019-11-19  |y BK  |k SSL